| 000 | 00793nam a2200181 i 4500 | ||
|---|---|---|---|
| 001 | 184986 | ||
| 003 | ES-MaACL | ||
| 005 | 20230906222327.0 | ||
| 008 | 160303s1917 sp c |||| | spa d | ||
| 080 | _a017.42(460.27 M.) | ||
| 110 | 2 |
_aReal Academia de la Historia (España) _96309 |
|
| 245 | 1 | 0 | _aCatálogo descriptivo de las obras publicadas por la Real Academia de la Historia formado por orden alfabético de sus autores, y cuya venta exclusiva ha cedido a la Librería General de Victoriano Suárez. |
| 260 |
_aMadrid : _b[s.n.], _c1917 ( _fEstab. Tip. de Fortanet) |
||
| 300 |
_a19 p. ; _c23 cm. |
||
| 610 | 2 | 4 |
_aReal Academia de la Historia (España)- _xPublicaciones- _vCatálogos. _9162088 |
| 710 | 2 |
_aLibrería General de Victoriano Suárez. _9162087 |
|
| 852 |
_aES-MaACL _j1560-F-4 |
||
| 999 |
_c184986 _d184986 |
||